Ελληνική πλαστική : κλασσική περίοδος

Αποθηκεύτηκε σε:
Λεπτομέρειες βιβλιογραφικής εγγραφής
Κύριος συγγραφέας: Boardman, John, 1927-
Μορφή: Βιβλίο
Γλώσσα:Greek
English
Δημοσίευση: Αθήνα : Ινστιτούτο του βιβλίου - Α. Καρδαμίτσα, 2002.
Έκδοση:2η έκδ. αναθ.
Σειρά:Άρτεμις
Θέματα:
Ετικέτες: Προσθήκη ετικέτας
Δεν υπάρχουν, Καταχωρήστε ετικέτα πρώτοι!

MARC

LEADER 00000cam a2200000 i 4500
001 1/34138
008 030304s2002 gr | ||| |||| ||gre||
020 |a 9603541230 
035 |l 10069640 
040 |a GR-MyUa  |b gre  |e AACR2 
041 1 |a gre  |h eng 
082 7 |a 733.3   |2 (22) 
100 1 |a Boardman, John,   |d 1927- 
245 1 0 |a Ελληνική πλαστική :   |b κλασσική περίοδος /   |c John Boardman ; μετάφραση Δέσποινα Τσουκλίδου.  
250 |a 2η έκδ. αναθ. 
260 |a Αθήνα :   |b Ινστιτούτο του βιβλίου - Α. Καρδαμίτσα,   |c 2002.  
300 |a 292 σ. :   |b εικ. ;   |c 24 εκ. 
490 1 |a (Άρτεμις) 
500 |a Τίτλος πρωτοτύπου: Greek sculpture : the classical period.  
500 |a Περιέχει 412 εικόνες.  
504 |a Περιλαμβάνει βιβλιογραφικές παραπομπές και ευρετήρια. 
650 0 |a Sculpture, Greek. 
650 0 |a Classicism in art  |z Greece. 
830 0 |a Άρτεμις 
852 |a INST  |b LEMNOS  |c EUDOXUS  |e 20190613  |h 733 BOA  |p 005600002324  |q 005600002324  |t EDX  |y 0 
852 |a INST  |b RHODES  |e 20080125  |h 733.3 BOA  |p 005400030167  |q 005400030167  |t BK  |y 0 
852 |a INST  |b RHODES  |c EUDOXUS  |e 20140916  |h 733.3 BOA  |p 005400036792  |q 005400036792  |t EDX  |y 0 
852 |a INST  |b SYROS  |e 20030304  |h 733.3 BOA  |p 005500002391  |q 005500002391  |t BK  |y 0 
901 |a BIBL5-2003-1 
901 |a BIBL4-2008-1 
901 |a BIBL4-2014-3 
920 |a Εύδοξος  |b Επιστροφή  |y Ρόδος  |z 2014-09 
920 |a Εύδοξος  |b Επιστροφή  |y Λήμνος-ΤΕΤΔ  |z 2018-12 
922 |a 5ΕΛΗ  |b 200210  |c Βιβλιοθήκη Σύρου  |d Παπασωτηρίου 
922 |a 4ΕΛΗ  |b 200801  |c ΕΠΕΑΕΚ2/ΤΜΣ  |d Σ. Πατάκης 
950 |a 188-2002-10-23 
970 |a Καγιαβά  |b Ειρήνη  |z 18/03/2003